[Event "16th IND-chT Women 2018"]
[Site "Patia"]
[Date "2018.02.09"]
[Round "2"]
[White "Meenakshi Subbaraman"]
[Black "Aparajita, Gochhikar"]
[Result "1-0"]
[WhiteElo "2193"]
[BlackElo "1740"]
[Annotator "TA"]
[PlyCount "83"]
[EventDate "2018.??.??"]
[EventType "team-tourn"]
[EventCountry "IND"]
[SourceTitle "playchess.com"]
[Source "ChessBase"]
[SourceQuality "1"]

{[%evp 12,83,22,26,54,46,56,41,62,62,66,73,75,77,110,88,129,142,137,102,79,86,121,131,128,133,140,126,186,188,462,461,445,439,458,425,400,363,356,340,327,321,265,263,591,590,585,544,748,650,623,557,564,561,553,552,573,468,459,448,455,441,648,574,964,549,720,705,1845,1324,1183,628,811,810]} 1. d4 d5 2. Nf3 Nf6 3. c4 c6 4. e3 e6 5. b3 Bb4+ (5... c5 6. Bb2 cxd4 7. exd4 dxc4 8. bxc4 Qa5+ 9. Nbd2 Ba3 10. Qc1 Bxb2 11. Qxb2 Nc6 12. Be2 Qb4 13. O-O-O {½-½ (57) Short,N (2698)-Duda,J (2706) Heraklio 2017}) 6. Nbd2 {D30: Damengambit (ohne Sc3)} Nbd7 7. Bd3 {LiveBook: 59 Partien} Qc7 8. Bb2 {Weiß steht etwas besser.} O-O $146 ({Vorgänger:} 8... a6 9. O-O O-O 10. a3 Bd6 11. Ne5 c5 12. f4 b6 13. Rf3 Bb7 14. Rg3 Rac8 15. Nxd7 Nxd7 16. dxc5 {1-0 (16) Van Mechelen,J (2243)-Ooghe,J (1848) Charleroi 2015}) 9. a3 Bxd2+ 10. Qxd2 Re8 11. O-O h6 12. Rac1 a5 13. Ne5 Nxe5 14. dxe5 Nd7 15. f4 Nc5 {[#]} 16. Bc2 $1 dxc4 17. bxc4 Rd8 18. Bd4 b6 19. Qe2 Ba6 (19... a4 $16 {war angesagt.}) 20. Rf3 $18 Nd7 $2 (20... Kh8 21. Rh3 Nd7) 21. Rg3 Nf8 22. Qg4 {[%csl Gg3][%cal Rg4g7]} g6 23. Qh4 Kg7 24. f5 exf5 {Falls Schwarz jetzt zu ...Txd4 käme, bestünde noch etwas Hoffnung.} 25. e6+ Rxd4 26. Qxd4+ ({Nicht} 26. exd4 Nxe6 27. Bxf5 Nf4 $15) 26... Kh7 {[#]} 27. Bxf5 $1 {[%mdl 512] Droht exf7 und aus.} Nxe6 $2 (27... Bc8 {ist eine bessere Chance.} 28. Qh4 Qe5) (27... gxf5 28. Qg7#) 28. Bxe6 {Weiß steht klar auf Gewinn.} fxe6 29. Qe4 Qg7 30. h4 {Und h5 würde nun gewinnen.} h5 31. Rg5 Kh6 32. Qxc6 Rf8 33. Qxb6 Qf6 34. Qd4 Qf2+ 35. Kh2 Bb7 {beabsichtigt ...e5.} 36. Rg3 Kh7 (36... Qf6 $142 37. Qxf6 Rxf6) 37. Rb1 Bc6 38. Rb2 Qf5 39. Rb6 e5 40. Qd6 Be4 41. Rb5 Re8 42. Rxa5 {Precision: Weiß = 76%, Schwarz = 38%.} 1-0

[Event "16th IND-chT Women 2018"]
[Site "Patia"]
[Date "2018.02.09"]
[Round "2"]
[White "Salonika, Saina"]
[Black "Vijayalakshmi, Subbaraman"]
[Result "1-0"]
[WhiteElo "2151"]
[BlackElo "2352"]
[Annotator "ChessBase"]
[PlyCount "89"]
[EventDate "2018.??.??"]
[EventType "team-tourn"]
[EventCountry "IND"]
[SourceTitle "playchess.com"]
[Source "ChessBase"]
[SourceQuality "1"]
[TimeControl "5400+30"]

1. e4 e5 2. Nf3 Nc6 3. Bb5 a6 4. Ba4 Nf6 5. d4 exd4 6. O-O Be7 7. e5 Ne4 8. Re1 Nc5 9. Bxc6 dxc6 10. Nxd4 O-O 11. Nc3 Re8 12. Be3 Bf8 13. f4 a5 14. Qf3 f5 15. Rad1 Qe7 16. Bf2 Qf7 17. Kh1 Be7 18. Nxc6 Bf8 19. Bxc5 Bxc5 20. Nd8 Qe7 21. Qd5+ Kf8 22. e6 Bd6 23. Qxf5+ Qf6 24. Qxh7 Qh6 25. Qxh6 gxh6 26. Nf7 Bxf4 27. Rf1 Bxe6 28. Ne5 Kg7 29. Rxf4 Ra6 30. Nf3 Rb6 31. b3 Rc6 32. Rd3 Re7 33. h3 Bf7 34. Nd4 Re1+ 35. Kh2 Rf6 36. Rg3+ Rg6 37. Re4 Rc1 38. Rxg6+ Kxg6 39. Re2 c6 40. Nf3 Kg7 41. Ne4 b5 42. Ne5 Bd5 43. Nc3 b4 44. Nxd5 cxd5 45. Nc6 1-0

[Event "16th IND-chT Women 2018"]
[Site "Patia"]
[Date "2018.02.09"]
[Round "2"]
[White "Saranya, J."]
[Black "Mohota, Nisha"]
[Result "1/2-1/2"]
[WhiteElo "2077"]
[BlackElo "2256"]
[Annotator "TA"]
[PlyCount "75"]
[EventDate "2018.??.??"]
[EventType "team-tourn"]
[EventCountry "IND"]
[SourceTitle "playchess.com"]
[Source "ChessBase"]
[SourceQuality "1"]

{[%evp 9,75,-12,-4,-22,-24,-33,-8,-20,-31,-19,0,0,0,-31,-20,-35,-12,-33,-20,-43,-12,-31,-31,-73,-72,-72,-59,-62,-19,-48,-25,-13,-14,-36,-6,-12,205,52,66,-52,-47,-46,-46,-201,-200,-185,-196,-166,-118,-100,0,0,0,0,0,0,0,0,0,0,0,0,0,0,0,0,0,0]} 1. e4 c6 {[%cal Bc7c6,Bc6c5][%mdl 32]} 2. d4 d5 3. Nc3 {[%cal Bb1c3,Bc3e4,Be4g5,Bg5f3,Bf3e5][%mdl 32]} dxe4 4. Nxe4 Nf6 5. Ng5 c5 (5... h6 6. N5f3 Bf5 7. Bc4 Nbd7 8. Ne2 e6 9. Ng3 Bh7 10. O-O Be7 11. Bd3 Bxd3 12. Qxd3 O-O 13. Rd1 Rc8 14. Qe2 Qa5 {½-½ (34) Sukandar,I (2387)-Blohberger,F (2367) Villorba 2018}) 6. Bc4 {B15: Caro-Kann: 3 Nc3: 3...g6 and 3...dxe4 4 Nxe4 Nf6 5 Nxf6+ exf6} e6 $1 7. Ne2 Nc6 {[%cal Rc5d4]} 8. Nf3 a6 9. a4 Na5 $146 ({Predecessor:} 9... cxd4 10. Nexd4 Nxd4 11. Qxd4 Qxd4 12. Nxd4 Bc5 13. Nb3 {1-0 (47) Martinez,A (2103)-Yalkanova,M (1966) Kazan 2013}) 10. Ba2 $1 b5 11. Bg5 c4 12. O-O Bb7 13. Ne5 h6 14. Be3 Be7 15. axb5 axb5 16. Nc3 O-O 17. Bb1 b4 18. Ne2 $1 Nd5 19. c3 Bd6 20. cxb4 Nxb4 21. Bd2 Re8 22. Nf4 f6 $2 (22... Nac6 $11 23. Rxa8 Bxa8) 23. Nh5 $2 (23. Qg4 $18 fxe5 24. dxe5 Bxe5 25. Bxb4) 23... f5 $1 $14 24. Nf4 (24. Nxg7 $14 Kxg7 25. Bxh6+ Kxh6 26. Nf7+ Kg7 27. Nxd8 Rexd8 28. h3) 24... Bxe5 $1 $15 25. dxe5 Nd5 26. Nh3 $2 ({White should try} 26. Bc2 $15) 26... Nb3 $19 27. Rxa8 Qxa8 ({Not} 27... Bxa8 28. Ba2 $15) 28. Bf4 Rd8 29. Qh5 {[#] Qg6 is the strong threat.} Nxf4 (29... Nd4 $17 30. Bxh6 gxh6 31. Qg6+ Kf8 32. Qxh6+ Ke8) 30. Nxf4 $11 {The position is equal.} Nd4 {Strongly threatening ...Bc6.} 31. Qg6 Bd5 32. Nh5 {[%csl Gh5][%cal Rg6g7]} Qb7 33. Nf6+ $1 Kf8 34. Nh7+ Kg8 {[#] And now ...Kh8 would win.} 35. Nf6+ $1 Kf8 36. Nh7+ Kg8 {Threatens to win with ...Kh8.} 37. Nf6+ $1 Kf8 38. Nh7+ {Precision: White = 44%, Black = 55%.} 1/2-1/2

[Event "16th IND-chT Women 2018"]
[Site "Patia"]
[Date "2018.02.09"]
[Round "2"]
[White "Saranya, Y."]
[Black "Soumya, Swaminathan"]
[Result "0-1"]
[WhiteElo "1966"]
[BlackElo "2349"]
[Annotator "TA"]
[PlyCount "58"]
[EventDate "2018.??.??"]
[EventType "team-tourn"]
[EventCountry "IND"]
[SourceTitle "playchess.com"]
[Source "ChessBase"]
[SourceQuality "1"]

{[%evp 24,58,-18,-45,-49,-89,-91,-87,0,0,0,-66,0,-136,-92,-117,-87,-136,-136,-130,-93,-82,-99,-78,-104,-105,-105,-109,0,0,0,-568,-575,-568,-525,-566,-563]} 1. e4 c5 2. Nf3 Nc6 3. d4 cxd4 4. Nxd4 Nf6 5. Nc3 d6 6. Bc4 e6 7. Be3 a6 8. Qe2 Qc7 9. Bb3 Na5 10. g4 b5 {[%cal Bb7b5,Bb5b4][%mdl 32]} 11. g5 Nd7 12. f4 Nc5 {B89: Sicilian: Velimirovic Attack} (12... b4 13. Nd5 exd5 14. exd5 Kd8 15. O-O-O Nc5 16. Nc6+ Nxc6 17. Bxc5 Na5 18. Bxb4 Nxb3+ 19. axb3 h6 20. Rhe1 {0-1 (65) Brunello,S (2533)-Margvelashvili,G (2509) Puerto Madryn 2009}) 13. f5 {LiveBook: 7 Games} Naxb3 14. axb3 {And now fxe6 would win.} b4 $1 {[%cal Rb4c3] Black is better.} 15. Na4 Nxe4 $146 ({Black should play} 15... Nxa4 $17 16. Rxa4 e5) ({Find the theoretical novelty and annotate with similar games:} 15... Nxa4 16. Rxa4 e5 17. Nf3 Qb7 18. Nd2 Bxf5 19. O-O Bd7 20. Qf3 Bxa4 21. bxa4 {0-1 (36) Klundt,K (2353)-Klovans,J (2411) Bad Zwischenahn 2008}) 16. fxe6 $11 fxe6 {[%cal Bf7e6,Be6e5][%mdl 32]} 17. g6 (17. Qf3 $11 d5 18. Rf1) 17... hxg6 (17... e5 $15 18. Nf3 Bb7 19. gxh7 Rxh7) 18. O-O-O (18. Qg2 $1 $11 Bb7 19. Nb6 $1 {[%mdl 512]} Qxb6 20. Qxg6+ Kd7 21. Qxe6+ Kc7 22. Qf7+ Kc8 23. Qe6+ Kc7 24. Qf7+ Kc8 25. Qe6+ Kc7) 18... d5 19. Qg4 g5 $1 {White must now prevent ...e5.} 20. Nf3 e5 21. Qg2 Be6 22. Nxg5 Nxg5 23. Bxg5 {[#]} Rc8 $1 $36 {[%mdl 2048] Hoping for ...Bf5. Black is in control.} 24. Rhe1 Bd6 25. Be3 d4 {[#]} ({Black should try} 25... e4 $17 26. Rh1 Rh3) 26. Bxd4 $1 {[%mdl 512]} Bxb3 (26... exd4 27. Rxe6+) 27. Bb6 $2 {[%mdl 8192]} (27. Nc5 $11 {and White has nothing to worry.} Bxc5 28. Bxe5 Be3+ 29. Rxe3 Qxc2+ 30. Qxc2 Bxc2 31. Bxg7+ Be4+ 32. Bc3 bxc3 33. Rxe4+ Kf7 34. h4) 27... Qxc2+ $19 {Black is clearly winning.} 28. Qxc2 Rxc2+ (28... Bxc2 $2 29. Rxd6 Bxa4+ 30. Kb1 $17) 29. Kb1 Rc6 {Precision: White = 33%, Black = 70%.} (29... Bxa4 $2 30. Rxd6 Rhxh2 31. Bd4 $19) 0-1

[Event "16th IND-chT Women 2018"]
[Site "Patia"]
[Date "2018.02.09"]
[Round "2"]
[White "Hansdah, Namita"]
[Black "Tania, Sachdev"]
[Result "0-1"]
[WhiteElo "1167"]
[BlackElo "2402"]
[Annotator "TA"]
[PlyCount "58"]
[EventDate "2018.??.??"]
[EventType "team-tourn"]
[EventCountry "IND"]
[SourceTitle "playchess.com"]
[Source "ChessBase"]
[SourceQuality "1"]

{[%evp 9,57,50,52,52,57,40,68,-10,-8,-50,-43,-127,-73,-77,-49,-99,-104,-124,-124,-132,-131,-150,-156,-210,-210,-200,-162,-159,-162,-160,-154,-152,-158,-150,-150,-204,-164,-177,-177,-163,-182,-196,-197,-203,-197,-905,-905,-905,-905,-29999]} 1. d4 Nf6 2. Nf3 e6 3. Bf4 g6 (3... d5 4. e3 c5 5. Nbd2 Nc6 6. Bb5 Bd7 7. c3 Be7 8. h3 O-O 9. Bd3 b5 10. dxc5 b4 11. c4 dxc4 12. Bxc4 Bxc5 13. Nb3 {1-0 (48) Le,Q (2737)-Kasimdzhanov,R (2683) Riadh 2017}) 4. Nbd2 d5 5. c4 Bg7 6. e3 {A46: Damenbauernspiele} O-O 7. Be2 Nbd7 8. Ne5 $146 ({Günstiger ist} 8. O-O $14) ({Vorgänger:} 8. O-O c5 9. Bd6 Re8 10. Bxc5 Nxc5 11. dxc5 Nd7 12. cxd5 Nxc5 13. dxe6 Bxe6 {0-1 (32) Ziervogel,A (1044)-Wiermann,G (1589) Blankenburg 2005}) 8... c5 $11 9. cxd5 (9. O-O {is interesting.} cxd4 10. exd4 dxc4 11. Nexc4 Nd5 12. Bd6) 9... Nxd5 {[%cal Bf6d5,Bd5f4,Bf4h3][%mdl 32] Droht ...cxd4 und aus.} 10. Nxd7 (10. Bg3 $1 $15) 10... Qxd7 (10... Bxd7 $142 11. Bd6 Ba4 $1 {[%mdl 512]} 12. Qxa4 Qxd6) 11. Be5 $17 cxd4 12. Bxg7 Kxg7 13. exd4 Nf4 14. O-O Qxd4 15. b3 Rd8 16. Nf3 {[#]} (16. Nc4 $17) 16... Qf6 $1 $19 17. Qe1 Bd7 {Droht stark ...a6.} 18. g3 Nh3+ 19. Kg2 Bc6 {Und ...Sg5 würde nun gewinnen.} 20. Kxh3 Bxf3 21. Bxf3 Qxf3 $40 {[%mdl 128] Weiss ist in Schwierigkeiten.} 22. Qe3 (22. Rc1 $17) 22... Qf5+ 23. Kg2 Rd3 24. Qe2 Rad8 25. Kg1 Rd2 26. Qe3 b6 27. f4 $2 (27. Qc3+ e5 28. Qc7) 27... Qh3 {[%csl Gd2][%cal Rh3h2]} 28. Rf2 Rd1+ 29. Rf1 Qxf1# {Precision: Weiß = 32%, Schwarz = 88%.} 0-1

[Event "16th IND-chT Women 2018"]
[Site "Patia"]
[Date "2018.02.10"]
[Round "3"]
[White "Soumya, Swaminathan"]
[Black "Chitlange, Sakshi"]
[Result "1/2-1/2"]
[WhiteElo "2349"]
[BlackElo "2089"]
[Annotator "TA"]
[PlyCount "91"]
[EventDate "2018.??.??"]
[EventType "team-tourn"]
[EventCountry "IND"]
[SourceTitle "playchess.com"]
[Source "ChessBase"]
[SourceQuality "1"]

{[%evp 35,91,43,30,0,0,0,16,0,-15,-79,-73,-60,170,0,30,-111,-85,-181,-121,-108,-117,-112,-108,-125,-115,-170,-37,-41,-60,-56,-51,-39,-36,-29,0,0,0,0,0,0,0,0,0,0,0,0,0,0,0,0,0,0,0,0,0,0,0,0]} 1. e4 c6 2. d4 d5 3. Nc3 dxe4 4. Nxe4 Bf5 5. Ng3 Bg6 6. h4 h6 7. Nf3 Nd7 8. h5 Bh7 9. Bd3 Bxd3 10. Qxd3 e6 11. Bd2 Be7 12. O-O-O Ngf6 13. Kb1 O-O 14. Ne4 Nxe4 {B19: Classical Caro-Kann: 4...Bf5 main line} (14... c5 15. g4 Nxg4 16. Qe2 Qb6 17. Ne5 Ndxe5 18. dxe5 f5 19. exf6 Nxf6 20. Nc3 Rad8 21. Rhg1 Kh8 22. Rg6 {½-½ (38) Saric,I (2662)-Nisipeanu,L (2672) Heraklio 2017}) 15. Qxe4 Nf6 16. Qe2 Qd5 17. Be3 Qb5 18. c4 Qf5+ {LiveBook: 19 Games} 19. Ka1 c5 20. Nh4 Qe4 (20... Qg4 $5 {[%cal Rg4e2]} 21. f3 Qg3 $11) 21. f3 Qc6 22. g4 (22. d5 $1 $11 exd5 23. Bxh6 $1 {[%mdl 512]}) 22... cxd4 $17 23. Bxd4 Rfc8 $146 (23... Rfd8 $15 {stays ahead.}) 24. Rc1 $2 ({Only move:} 24. g5 $1 $18 {[%cal Rg5f6]} hxg5 25. Ng6 $1 {[%mdl 512]}) 24... Rc7 25. Qg2 (25. g5 $11 {keeps the balance.} hxg5 26. Ng6 $1 {[%mdl 512]}) 25... Ne8 26. Qg3 (26. f4 $17) 26... Rd7 (26... Rd8 $19 27. Qf2 Qa6) 27. Be3 Rd3 28. Qf2 Rad8 29. Ng2 Bb4 30. Qe2 {[#]} (30. Kb1 $17) 30... Bc5 ({Black should play} 30... Rd2 $1 $19 {[%cal Rd2e2][%mdl 512]} 31. Qf1 (31. Bxd2 Rxd2) 31... R2d3) 31. Rhd1 $15 Rxd1 32. Rxd1 Rxd1+ 33. Qxd1 Bxe3 34. Nxe3 Nd6 35. Kb1 {The position is equal.} Qc5 36. Qd3 Qe5 37. b4 Qf4 38. Kc2 $1 Qxf3 39. Qxd6 {aiming for Qb8+.} Qxe3 $11 {[%mdl 4096] Endgame KQ-KQ} 40. Qb8+ Kh7 {Strongly threatening ...Qd4.} 41. Qxb7 Qe2+ 42. Kc3 Qe3+ 43. Kc2 Qe2+ 44. Kc3 Qe3+ 45. Kc2 Qe2+ 46. Kc3 {Precision: White = 48%, Black = 60%.} 1/2-1/2

[Event "16th IND-chT Women 2018"]
[Site "Patia"]
[Date "2018.02.10"]
[Round "3"]
[White "Padmini, Rout"]
[Black "Varshini, V."]
[Result "1-0"]
[WhiteElo "2325"]
[BlackElo "2103"]
[Annotator "TA"]
[PlyCount "131"]
[EventDate "2018.??.??"]
[EventType "team-tourn"]
[EventCountry "IND"]
[SourceTitle "playchess.com"]
[Source "ChessBase"]
[SourceQuality "1"]

{[%evp 12,131,21,19,30,18,40,0,38,35,31,42,41,26,20,17,23,16,24,15,10,0,15,15,16,13,29,22,27,27,39,35,36,27,29,35,36,42,39,31,71,35,91,39,66,62,83,63,77,68,56,41,56,52,50,34,77,73,84,84,85,79,75,18,77,77,67,59,75,66,114,85,94,98,96,95,119,76,71,45,95,95,229,239,297,287,360,352,470,461,468,462,440,402,591,590,637,627,939,920,1479,1437,1200,1149,1472,1469,1297,1533,1566,1579,1533,1511,1460,1513,2372,2390,1964,1882,29976,29977,29989,29990]} 1. e4 c5 2. Nf3 d6 3. c3 Nf6 4. Be2 e6 5. O-O Be7 6. Re1 O-O 7. Bf1 {LiveBook: 45 Games} a6 {B50: Sicilian: 2...d6, Miscellaneous} (7... b6 8. d4 Ba6 9. Bxa6 Nxa6 10. Qe2 Qc8 11. Bg5 h6 12. Bh4 Re8 13. Nbd2 d5 14. e5 Nh7 15. Bxe7 Rxe7 16. Nf1 cxd4 17. Nxd4 Nc5 18. Ng3 Qa6 19. Qg4 Qd3 20. Ngf5 exf5 21. Nxf5 {1-0 (21) Salomon,J (2458)-Nilsen,J (2407) Tromsoe 2016}) 8. d4 b6 9. a4 Re8 $146 {The position is equal.} ({Predecessor:} 9... Bb7 10. Bd3 Nbd7 11. Nbd2 cxd4 12. cxd4 Re8 13. b3 Nf8 14. Bb2 Ng6 15. Rc1 {1-0 (40) Ruszin,A (2138)-Erdos,B (2121) Budapest 2009}) 10. dxc5 bxc5 11. e5 dxe5 12. Qxd8 Rxd8 13. Nxe5 Bb7 {[%cal Bc8b7,Bb7d5,Bd5c6][%mdl 32]} 14. Nd2 Nbd7 15. Nec4 Bd5 16. Ne3 Bc6 17. Ndc4 a5 18. g3 Nd5 19. Bg2 Nxe3 20. Bxe3 Bxg2 21. Kxg2 Nf6 22. Rad1 Nd5 23. Kf3 f6 24. Ke4 Kf7 25. f4 Rdb8 26. Bc1 Ra7 (26... Nb6 $14 27. Nxb6 Rxb6) 27. Kd3 (27. f5 $16 {aiming for fxe6+.} Ra6 28. fxe6+ Rxe6+ 29. Kd3) 27... h5 28. Kc2 g6 29. Re2 Ra6 30. h3 Rh8 31. Rf1 Rd8 32. Rfe1 Rh8 33. Bd2 Rb8 34. g4 hxg4 35. hxg4 Rh8 {[#]} 36. g5 $1 Rh4 37. Rf1 ({White should play} 37. gxf6 $16 Bxf6 38. Rf2) 37... Nb6 (37... Bd6 $1 $11) 38. Be1 $16 Rh3 39. Kb3 Nxc4 40. Kxc4 Rb6 41. gxf6 Kxf6 42. Bf2 Rh5 43. Rd1 Rb7 44. b3 Kf7 45. Rde1 Rb6 46. Re5 Rh3 (46... Rc6 $16) 47. Bxc5 $18 Rc6 48. b4 Bf6 49. R5e3 ({Not} 49. bxa5 Bxe5 50. Rxe5 Ke8 $16) 49... Rh4 50. Kb5 Rc8 51. Kxa5 Rxf4 52. Kb5 g5 (52... Rb8+ $142 53. Kc6 Rc4 54. Rxe6 Bxc3) 53. a5 {[%cal Ba4a5,Ba5a6][%mdl 32]} Rh4 54. a6 g4 55. Rxe6 Bxc3 56. Re7+ Kg6 57. R1e6+ Kf5 58. Re8 Rh8 59. Rxc8 Rxc8 {[%mdl 4096] Endgame KRB-KRB} 60. Re3 Be5 61. a7 g3 62. Re2 Bc3 63. Ra2 Ra8 64. Kc4 Be1 65. b5 {[%cal Bb4b5,Bb5b6][%mdl 32]} Kf4 66. b6 {Precision: White = 61%, Black = 30%.} 1-0

[Event "16th IND-chT Women 2018"]
[Site "Patia"]
[Date "2018.02.10"]
[Round "3"]
[White "Kulkarni, Bhakti"]
[Black "Sharma, Deepanshi"]
[Result "1-0"]
[WhiteElo "2290"]
[BlackElo "1222"]
[Annotator "TA"]
[PlyCount "49"]
[EventDate "2018.??.??"]
[EventType "team-tourn"]
[EventCountry "IND"]
[SourceTitle "playchess.com"]
[Source "ChessBase"]
[SourceQuality "1"]

{[%evp 10,49,34,19,32,27,29,28,50,40,66,54,76,42,47,34,47,33,33,33,33,33,34,53,81,77,111,58,204,141,512,499,1831,1826,2257,1720,2337,2306,2194,2036,1752,893]} 1. d4 d5 2. c4 c6 3. Nf3 Nf6 4. e3 g6 5. Nc3 Bg7 6. h3 {LiveBook: 227 Games} Nbd7 {D94: Grünfeld: 4 Nf3 Bg7 5 e3} (6... O-O 7. Bd3 Nbd7 8. O-O dxc4 9. Bxc4 c5 10. a3 a6 11. Ba2 b5 12. e4 cxd4 13. Nxd4 Bb7 14. Qe2 Nxe4 15. Nxe4 Bxd4 16. Rd1 e5 17. Bh6 Bxe4 18. Qxe4 {1-0 (26) Dobrov,V (2515)-Kuzubov,Y (2699) Riadh 2017}) 7. cxd5 cxd5 8. Bd3 $146 ({Predecessor:} 8. Be2 O-O 9. O-O b6 10. b4 Bb7 11. Bb2 Ne4 12. Qb3 e6 13. Rac1 Rc8 14. b5 Nxc3 15. Bxc3 {1-0 (37) Reich,T (2356)-Fischer,G (2101) Freising 2001}) 8... Nb6 {White has an edge.} 9. a4 Bd7 10. Ne5 Rc8 11. Qb3 Bc6 12. Bd2 Nbd7 13. f4 {[%cal Bf2f4,Bf4e5][%mdl 32]} Nxe5 14. fxe5 Ne4 15. Nxe4 dxe4 16. Bc4 $36 {[%mdl 2048] White has good play.} e6 17. O-O Bd5 {[#]} 18. Bb5+ ({White should play} 18. Bxd5 $1 $16 Qxd5 19. Qb5+ Qxb5 20. axb5) 18... Bc6 (18... Kf8 $14 19. Qb4+ Kg8) 19. Bb4 Qd5 $2 {[%mdl 8192]} (19... Qd7 $16 20. Rf2 Bf8) 20. Bc4 $18 {White is clearly winning.} Qd8 (20... Qd7 $142 21. Rxf7 Qxf7) 21. Bxe6 Bf8 22. Bxf7+ Kd7 23. Be6+ Kc7 24. Rxf8 Rxf8 25. Bd6+ {Precision: White = 40%, Black = 17%.} 1-0

[Event "16th IND-chT Women 2018"]
[Site "Patia"]
[Date "2018.02.10"]
[Round "3"]
[White "Srija, Seshadri"]
[Black "Gomes, Mary Ann"]
[Result "1-0"]
[WhiteElo "2252"]
[BlackElo "2329"]
[Annotator "TA"]
[PlyCount "41"]
[EventDate "2018.??.??"]
[EventType "team-tourn"]
[EventCountry "IND"]
[SourceTitle "playchess.com"]
[Source "ChessBase"]
[SourceQuality "1"]

{[%evp 9,41,61,49,59,81,68,103,96,103,53,60,57,62,65,82,81,158,92,140,133,135,103,106,106,150,64,74,68,62,-73,68,68,87,72]} 1. e4 g6 2. d4 Bg7 3. Nc3 d6 4. Be3 Na6 (4... a6 5. Nf3 b5 6. Bd3 Nd7 7. e5 e6 8. Ne4 d5 9. Ng3 c5 10. c3 Ne7 11. Qe2 Nc6 12. Qd2 c4 13. Bc2 a5 14. Bh6 {0-1 (34) So,W (2815)-Carlsen,M (2832) chess.com INT 2017}) 5. Bc4 Nf6 6. h3 $146 {B06: Modern Defence} ({Find the theoretical novelty and annotate with similar games:} 6. f3 c6 7. Qd2 Qc7 8. g4 b5 9. Bd3 Nb4 10. h4 Nxd3+ 11. Qxd3 h5 12. gxh5 Nxh5 13. Nge2 {0-1 (50) Schaffroth,C-Muller,E (1630) Wasselonne 2009}) 6... e6 7. Qd2 h6 8. f4 d5 9. Bd3 dxe4 10. Nxe4 Nd5 11. c3 f5 12. Nf2 c5 (12... O-O $142) 13. dxc5 (13. Bxa6 $142 $1 {Threatens to win with Bb5+.} Nxe3 14. Bb5+ (14. Qxe3 cxd4 15. Qf3 dxc3 $14) 14... Kf7 15. Qxe3 cxd4 16. Qe2) 13... Nxe3 14. Qxe3 Nc7 15. Nf3 Nd5 16. Bb5+ Ke7 {[#]} 17. Qd2 ({White should try} 17. Qc1 $1 $16) 17... Qa5 $1 $14 {[%cal Ra5b5]} 18. Nd4 Rd8 19. O-O-O (19. Rd1 $1 $14 {keeps the upper hand.}) 19... a6 (19... Qxa2 $17 20. Qd3 Kf7) 20. Bc4 Qxc5 {[#]} 21. Bb3 $1 {Precision: White = 39%, Black = 47%.} 1-0

[Event "16th IND-chT Women 2018"]
[Site "Patia"]
[Date "2018.02.10"]
[Round "3"]
[White "Meenakshi, Subbaraman"]
[Black "Gupta, Rashmi"]
[Result "1-0"]
[WhiteElo "2193"]
[BlackElo "1167"]
[Annotator "TA"]
[PlyCount "57"]
[EventDate "2018.??.??"]
[EventType "team-tourn"]
[EventCountry "IND"]
[SourceTitle "playchess.com"]
[Source "ChessBase"]
[SourceQuality "1"]

{[%evp 16,57,35,23,35,17,38,46,63,65,65,64,63,70,77,64,90,94,100,100,97,81,68,83,210,200,306,281,392,403,438,433,534,521,525,520,490,489,636,454,986,979,2293,2294]} 1. d4 Nf6 2. Nf3 g6 3. c4 Bg7 4. g3 d6 5. Bg2 O-O 6. O-O Nbd7 7. Nc3 Re8 8. e4 e5 9. h3 {LiveBook: 651 Games} b6 {E67: King's Indian: Fianchetto: 6...Nbd7} (9... exd4 10. Nxd4 a6 11. Be3 Rb8 12. b3 Nc5 13. Qc2 Bd7 14. b4 Ne6 15. Nb3 Qc8 16. Kh2 b5 17. c5 Nd8 18. Rad1 Nc6 19. a3 Ne5 {½-½ (53) Matlakov,M (2718)-Adhiban,B (2655) Wijk aan Zee 2018}) 10. Be3 Bb7 11. d5 Nc5 {White is slightly better.} 12. Nd2 $146 ({Predecessor:} 12. Ne1 a5 13. Nd3 Nfd7 14. Nxc5 Nxc5 15. Qc2 Rf8 16. a3 f5 17. b4 axb4 18. axb4 {1-0 (38) Yudovich,M-Kaiev,L Kiev (Ukraine) 1938}) 12... a5 13. a3 {[%cal Ba2a3,Ba3b4,Bb4b5][%mdl 32]} a4 14. Bxc5 bxc5 15. Nxa4 Bc8 16. b4 cxb4 17. axb4 Bd7 18. Nc3 Rxa1 19. Qxa1 Qa8 {[#]} (19... Qc8 $16 {is a better defense.}) 20. c5 $1 $18 {[%cal Bc4c5,Bc5c6][%mdl 32]} Rb8 (20... Qc8 {was necessary.} 21. Kh2 dxc5) 21. c6 Bc8 22. b5 Qxa1 23. Rxa1 {White is clearly winning.} Bh6 24. Nc4 Ne8 {[#]} 25. b6 $1 {[%mdl 512]} cxb6 26. Nb5 f5 27. c7 Rb7 (27... Nxc7 $142 28. Nxc7 Bd7 29. Nxd6 Bf8) 28. Ra8 Bd7 {[#]} 29. Rxe8+ $1 {[%mdl 512] Precision: White = 73%, Black = 17%.} 1-0